000 00969nam a2200193 a 4500
001 51521
005 20180714041011.0
008 140415s2004 sp 000 0 spa d
020 _a8497840208
041 _aspa
082 _a306.488
_bSOC
245 0 0 _aSOCIOLOGIA DE LA LECTURA
250 _a1a ed.
260 _aESPAÑA :
_bGEDISA,
_c2004
300 _a204
_c15.5 x 1.3 x 22.4
490 _aCOLECCION LEA
520 _aA LO LARGO DEL SIGLO XX, EN EL CONTEXTO DE LA POLITICA DE EXTENDER LA CULTURA A TODAS LAS CLASES SOCIALES, SE COMENZO A INVESTIGAR LOS HABITOS DE LA LECTURA COMO UNA DE LAS PRIMERAS ACTIVIDADES QUE PERMITIAN CONOCER EL NIVEL CULTURAL D ELA POBLACION. LOS METODOS ESTADISTICOS DE LA SOCIOLOGIA BRINDARON LAS HERRAMIENTAS PARA ELLO. PERO ¿QUE FIABILIDAD TIENEN LOS DATOS QUE SE PUEDEN OBTENER CON ENCUESTAS? LOS ESTUDIOS REUNIDOS EN EL PRESENTE VOLUMEN ANALIZAN LOS ENFOQUES DE LS SOCIOLOGIA
650 1 4 _aLECTURA
_xSOCIOLOGIA
999 _c51521
_d51521